<?xml version="1.0" encoding="UTF-8"?>
<record
    xmlns:xsi="http://www.w3.org/2001/XMLSchema-instance"
    xsi:schemaLocation="http://www.loc.gov/MARC21/slim http://www.loc.gov/standards/marcxml/schema/MARC21slim.xsd"
    xmlns="http://www.loc.gov/MARC21/slim">

  <leader>01490nam a2200325 i 4500</leader>
  <controlfield tag="001">768714001</controlfield>
  <controlfield tag="003">CO-MdFUSB</controlfield>
  <controlfield tag="005">20260504094711.0</controlfield>
  <controlfield tag="008">240910t2016    ck ad||| |||| 001 0 spa d</controlfield>
  <datafield tag="020" ind1=" " ind2=" ">
    <subfield code="a">[No incluye ISBN]</subfield>
  </datafield>
  <datafield tag="040" ind1=" " ind2=" ">
    <subfield code="b">spa</subfield>
    <subfield code="a">CO-MdFUSB</subfield>
    <subfield code="c">CO-MdFUSB</subfield>
    <subfield code="d">CO-MdFUSB</subfield>
    <subfield code="e">rda</subfield>
  </datafield>
  <datafield tag="041" ind1=" " ind2=" ">
    <subfield code="a">spa</subfield>
  </datafield>
  <datafield tag="082" ind1=" " ind2=" ">
    <subfield code="2">23</subfield>
    <subfield code="a">254</subfield>
    <subfield code="b">SA254</subfield>
  </datafield>
  <datafield tag="110" ind1=" " ind2=" ">
    <subfield code="a">Satura Colombia </subfield>
  </datafield>
  <datafield tag="245" ind1="0" ind2="0">
    <subfield code="a">Manual para la plantaci&#xF3;n y multiplicaci&#xF3;n de iglesias de peque&#xF1;os grupos</subfield>
    <subfield code="c">/ Satura Colombia</subfield>
  </datafield>
  <datafield tag="264" ind1=" " ind2="1">
    <subfield code="a">Colombia : </subfield>
    <subfield code="b">Satura Colombia, </subfield>
    <subfield code="c">[2016]</subfield>
  </datafield>
  <datafield tag="264" ind1=" " ind2="4">
    <subfield code="c">&#xA9;2016</subfield>
  </datafield>
  <datafield tag="300" ind1=" " ind2=" ">
    <subfield code="a">239 p&#xE1;ginas</subfield>
    <subfield code="b">: ilustraciones en blanco y negro</subfield>
    <subfield code="c">; 21 cm</subfield>
  </datafield>
  <datafield tag="336" ind1=" " ind2=" ">
    <subfield code="2">rdacontent</subfield>
    <subfield code="a">texto</subfield>
    <subfield code="b">txt</subfield>
  </datafield>
  <datafield tag="337" ind1=" " ind2=" ">
    <subfield code="2">rdamedia</subfield>
    <subfield code="a">sin mediaci&#xF3;n</subfield>
    <subfield code="b">n</subfield>
  </datafield>
  <datafield tag="338" ind1=" " ind2=" ">
    <subfield code="2">rdacarrier</subfield>
    <subfield code="a">volumen</subfield>
    <subfield code="b">nc</subfield>
  </datafield>
  <datafield tag="500" ind1=" " ind2=" ">
    <subfield code="a">Incluye &#xED;ndice general, ilustraciones, cuadros sin&#xF3;pticos</subfield>
  </datafield>
  <datafield tag="505" ind1=" " ind2=" ">
    <subfield code="a">Descripci&#xF3;n del Proceso. -- Repaso. -- Arrepentirse y Creer. -- Juan el Bautista. -- El Regalo del Esp&#xED;ritu Santo. -- Bautizando a los Nuevos Creyentes. -- Amar a Dios y a los Dem&#xE1;s. -- Amar a los Nuevos Cristianos. -- Mi Pr&#xF3;jimo. -- Participar en la Cena del Se&#xF1;or. -- La Cena del Se&#xF1;or. -- Orar. -- C&#xF3;mo Orar. -- Diezmo y Ofrenda. -- El dador Alegre. -- Hacer Disc&#xED;pulos. -- Evangelizaci&#xF3;n Eficaz. -- Organic&#xE9;monos Como el Cuerpo de Cristo.</subfield>
  </datafield>
  <datafield tag="563" ind1=" " ind2=" ">
    <subfield code="a">R&#xFA;stica</subfield>
  </datafield>
  <datafield tag="650" ind1=" " ind2="7">
    <subfield code="a">Iglesias protestantes</subfield>
    <subfield code="9">222</subfield>
  </datafield>
  <datafield tag="650" ind1=" " ind2="0">
    <subfield code="a">Discipulado</subfield>
    <subfield code="9">2945</subfield>
  </datafield>
  <datafield tag="653" ind1=" " ind2=" ">
    <subfield code="a">Plantaci&#xF3;n de iglesias </subfield>
  </datafield>
  <datafield tag="942" ind1=" " ind2=" ">
    <subfield code="c">BK</subfield>
  </datafield>
  <datafield tag="945" ind1=" " ind2=" ">
    <subfield code="a">Catherine Arias Alvarez</subfield>
  </datafield>
  <datafield tag="952" ind1=" " ind2=" ">
    <subfield code="0">0</subfield>
    <subfield code="1">0</subfield>
    <subfield code="2">ddc</subfield>
    <subfield code="4">0</subfield>
    <subfield code="7">0</subfield>
    <subfield code="8">GEN</subfield>
    <subfield code="a">FUSBC</subfield>
    <subfield code="b">FUSBC</subfield>
    <subfield code="d">2025-04-22</subfield>
    <subfield code="l">0</subfield>
    <subfield code="o">G 254 SA254m</subfield>
    <subfield code="p">25353</subfield>
    <subfield code="r">2025-04-22 00:00:00</subfield>
    <subfield code="t">Ej. 1</subfield>
    <subfield code="w">2025-04-22</subfield>
    <subfield code="y">BK</subfield>
  </datafield>
  <datafield tag="999" ind1=" " ind2=" ">
    <subfield code="c">71298</subfield>
    <subfield code="d">71298</subfield>
  </datafield>
</record>
